The hidden forces of life : (Record no. 132671)

MARC details
000 -LEADER
fixed length control field 00732nam a22002297a 4500
005 - DATE AND TIME OF LATEST TRANSACTION
control field 20170124110158.0
010 ## - LIBRARY OF CONGRESS CONTROL NUMBER
LC control number A-828957
020 ## - INTERNATIONAL STANDARD BOOK NUMBER
Terms of availability 00.00
International Standard Book Number 817058177
035 ## - SYSTEM CONTROL NUMBER
System control number A-828957
037 ## - SOURCE OF ACQUISITION
Source of stock number/acquisition Cen Lib/Ret
040 ## - CATALOGING SOURCE
Original cataloging agency DPL
Language of cataloging EN
082 ## - DEWEY DECIMAL CLASSIFICATION NUMBER
Classification number 181.499
Item number HID
245 ## - TITLE STATEMENT
Title The hidden forces of life :
Statement of responsibility, etc compiled by A.S. Dalal
Remainder of title selection from the works of Sri Aurobindo and The mother /
260 ## - PUBLICATION, DISTRIBUTION, ETC. (IMPRINT)
Place of publication, distribution, etc Pondicehrry
Name of publisher, distributor, etc Sri Aurobindo ashram
Date of publication, distribution, etc 1996
270 ## - ADDRESS
City Pondicherry
Address Sri Aurobindo Asharam
300 ## - PHYSICAL DESCRIPTION
Extent 202p.
Dimensions 15cm(Hb)
500 ## - GENERAL NOTE
General note Includes glossary and index
650 ## - SUBJECT ADDED ENTRY--TOPICAL TERM
Topical term or geographic name as entry element Philosophy
9 (RLIN) 138529
650 ## - SUBJECT ADDED ENTRY--TOPICAL TERM
Topical term or geographic name as entry element Hidden forces
9 (RLIN) 35431
700 ## - ADDED ENTRY--PERSONAL NAME
Personal name Dalal, A.S.
9 (RLIN) 38010
942 ## - ADDED ENTRY ELEMENTS (KOHA)
Source of classification or shelving scheme Dewey Decimal Classification
Koha item type English Books
Classification part 181.499
Call number suffix HID
Holdings
Withdrawn status Lost status Damaged status Not for loan Home library Current library Date acquired Source of acquisition Cost, normal purchase price Total Checkouts Total Renewals Full call number Barcode Date last seen Date checked out Copy number Cost, replacement price Price effective from Koha item type
        Central Library Central Library 23/07/2015 Cen Lib/Ret 0.00 1 1 181.499 HID A-828957 02/05/2026 28/03/2026 1 0.00 15/09/2016 English Books
        Central Library Central Library 27/07/2015 Cen Lib/Ret 0.00     181.499 HID A-708785 27/07/2015   2 0.00 27/07/2015 English Books

© Delhi Public Library
Hit Counter
free hit counter